Codificar/ (Registro nro. 7464)
[ vista simple ]
| 000 -CABECERA | |
|---|---|
| Longitud fija campo de control | 00836nam a2200205Ia 4500 |
| 008 - • CÓDIGOS DE INFORMACIÓN DE LONGITUD FIJA | |
| Códigos de información de longitud fija | 161108s9999 xx 000 0 und d |
| 020 ## - • NÚMERO INTERNACIONAL NORMALIZADO PARA LIBROS | |
| Número Internacional Normalizado para Libros (ISBN) | 9789587165142 |
| 082 ## - • NÚMERO DE LA CLASIFICACIÓN DECIMAL DEWEY | |
| Número de clasificación (R) | 778.59 C62 |
| 040 ## - FUENTE DE LA CATALOGACIÓN | |
| Centro catalogador de origen | CO-BoRNBP |
| Lengua de catalogación | spa |
| Normas de descripción | rda |
| Centro transcriptor | CO-BoRNBP |
| 245 ## - • TITULO PROPIAMENTE DICHO | |
| Título | Codificar/ |
| Mención de responsabilidad, etc. | decodificar : |
| Resto del título | prácticas, espacios y temporalidades del audiovisual en internet / |
| Mención de responsabilidad, etc. | (compiladores) Juan Carlos Arias... [y otros tres] |
| 250 ## - • MENCIÓN DE EDICIÓN | |
| Mención de edición | Primera edición |
| 264 ## - PRODUCCIÓN, PUBLICACIÓN , DISTRIBUCIÓN, FABRICACIÓN Y COPYRIGHT | |
| Lugar de producción, publicación, distribución, fabricación | Bogotá : |
| Nombre del productor, editor, distribuidor, fabricante | Pontifica Universidad Javeriana |
| 300 ## - • DESCRIPCIÓN FÍSICA | |
| Extensión | 267 páginas ; |
| Dimensiones | 23 cm |
| 336 ## - TIPO DE CONTENIDO | |
| Término de tipo de contenido | texto |
| Código de tipo de contenido | txt |
| Fuente | rdacontent |
| 337 ## - TIPO DE MEDIO | |
| Nombre del tipo de medio | sin mediación |
| Código del tipo de medio | n |
| Fuente | rdamedia |
| 338 ## - TIPO DE SOPORTE | |
| Nombre del tipo de soporte | volumen |
| Código del tipo de soporte | nc |
| Fuente | rdacarrier |
| 490 ## - • MENCIÓN DE SERIE | |
| Mención de serie | Entrever |
| 500 ## - • NOTA GENERAL | |
| Nota general | Incluye bibliografía |
| 650 ## - • PUNTO DE ACCESO ADICIONAL DE MATERIA - TÉRMINO DE MATERIA | |
| Término de materia o nombre geográfico como elemento inicial | Materiales Audiovisuales - Innovaciones Tecnologicas / Formatos Digitales / Internet (Red De Computadores) - Aspectos Sociales |
No hay ítems disponibles.